000 00335nam a2200157Ia 4500
100 _aSampson
650 _aEnglish
942 _cBK
654 _aCommunication skills
245 _aCommunication Skills I
260 _bNirali prakashan
_aMumbai
_c1996
082 _a371.2
_bSAM
300 _a194
546 _aENGLISH
999 _c27652
_d27652